[Event "ODJM A 2019"]
[Site "Willingen GER"]
[Date "2019.06.09"]
[Round "2"]
[White "Schlick, Stefan"]
[Black "Wübker, Paul-Luca"]
[Result "0-1"]
[Termination "normal"]
[Board "13"]
[WhiteElo "2017"]
[BlackElo "2035"]
[WhiteClock "00:07:03"]
[BlackClock "00:58:27"]
[PlyCount "84"]
[WhiteFideId "16211332"]
[BlackFideId "12939528"]
[EventCountry "GER"]
[EventRounds "9"]
[EventType "swiss"]
[EventDate "2019.06.08"]

1. d4 {[%clk 1:30:53]} 1... Nf6 {[%clk 1:30:52]} 2. c4 {[%clk 1:31:17]} 2...
Nc6 {[%clk 1:31:15]} 3. d5 {[%clk 1:12:29]} 3... Ne5 {[%clk 1:31:36]} 4. e3 {
[%clk 1:11:32]} 4... e6 {[%clk 1:31:50]} 5. dxe6 {[%clk 1:08:02]} 5... fxe6 {
[%clk 1:32:05]} 6. Nd2 {[%clk 1:03:56]} 6... Bb4 {[%clk 1:27:51]} 7. a3 { [%clk
1:02:28]} 7... Bxd2+ {[%clk 1:27:51]} 8. Bxd2 {[%clk 0:58:18]} 8... O-O { [%clk
1:20:42]} 9. Be2 {[%clk 0:57:26]} 9... Ne4 {[%clk 1:19:28]} 10. Nf3 { [%clk
0:55:31]} 10... Qf6 {[%clk 1:05:52]} 11. O-O {[%clk 0:44:46]} 11... Nxf3+
{[%clk 1:04:42]} 12. Bxf3 {[%clk 0:44:54]} 12... Ng5 {[%clk 1:05:05]} 13. Bc3 {
[%clk 0:41:21]} 13... Nxf3+ {[%clk 1:05:08]} 14. Qxf3 {[%clk 0:40:54]} 14...
Qxf3 {[%clk 1:05:30]} 15. gxf3 {[%clk 0:41:22]} 15... Rxf3 {[%clk 1:05:48]} 16.
Kg2 {[%clk 0:40:20]} 16... Rf5 {[%clk 1:05:12]} 17. e4 {[%clk 0:36:10]} 17...
Rf7 {[%clk 1:01:45]} 18. Be5 {[%clk 0:21:59]} 18... d6 {[%clk 1:01:43]} 19. Bg3
{[%clk 0:21:46]} 19... b6 {[%clk 1:00:40]} 20. Rad1 {[%clk 0:17:56]} 20... Bb7
{[%clk 0:59:01]} 21. Rfe1 {[%clk 0:17:22]} 21... Raf8 {[%clk 0:58:38]} 22. Rd3
{[%clk 0:17:02]} 22... g5 {[%clk 0:57:44]} 23. h4 {[%clk 0:13:55]} 23... gxh4 {
[%clk 0:57:25]} 24. Bxh4 {[%clk 0:14:23]} 24... Rf4 {[%clk 0:57:17]} 25. Kg3 {
[%clk 0:08:40]} 25... Rxe4 {[%clk 0:55:10]} 26. Rxe4 {[%clk 0:07:07]} 26...
Bxe4 {[%clk 0:55:32]} 27. Re3 {[%clk 0:07:15]} 27... Bf5 {[%clk 0:55:45]} 28.
f4 {[%clk 0:06:09]} 28... Kf7 {[%clk 0:56:00]} 29. Kf2 {[%clk 0:06:01]} 29...
Rg8 {[%clk 0:55:52]} 30. Rg3 {[%clk 0:06:05]} 30... Rxg3 {[%clk 0:56:12]} 31.
Kxg3 {[%clk 0:06:12]} 31... c5 {[%clk 0:55:22]} 32. Bd8 {[%clk 0:06:22]} 32...
Ke8 {[%clk 0:55:44]} 33. Bc7 {[%clk 0:05:52]} 33... Kd7 {[%clk 0:56:08]} 34.
Bb8 {[%clk 0:06:03]} 34... Bd3 {[%clk 0:56:18]} 35. b4 {[%clk 0:05:35]} 35...
a5 {[%clk 0:56:12]} 36. bxc5 {[%clk 0:05:29]} 36... bxc5 {[%clk 0:56:34]} 37.
Kf3 {[%clk 0:05:30]} 37... Bxc4 {[%clk 0:56:57]} 38. Ke4 {[%clk 0:05:41]} 38...
a4 {[%clk 0:57:09]} 39. f5 {[%clk 0:05:59]} 39... exf5+ {[%clk 0:57:30]} 40.
Kxf5 {[%clk 0:06:25]} 40... Kc6 {[%clk 0:57:49]} 41. Kf4 {[%clk 0:06:41]} 41...
Be6 {[%clk 0:58:10]} 42. Ke4 {[%clk 0:07:03]} 42... h5 {[%clk 0:58:27]} 0-1

[Event "ODJM A 2019"]
[Site "Willingen GER"]
[Date "2019.06.09"]
[Round "2"]
[White "Savchenko, Daniel"]
[Black "Reimer, Philip"]
[Result "1-0"]
[Termination "normal"]
[Board "14"]
[WhiteElo "2119"]
[BlackElo "1891"]
[WhiteClock "00:55:00"]
[BlackClock "00:02:05"]
[PlyCount "75"]
[WhiteFideId "12919195"]
[BlackFideId "16235860"]
[EventCountry "GER"]
[EventRounds "9"]
[EventType "swiss"]
[EventDate "2019.06.08"]

1. e4 {[%clk 1:30:51]} 1... c5 {[%clk 1:30:59]} 2. Nf3 {[%clk 1:31:11]} 2...
Nc6 {[%clk 1:31:28]} 3. d4 {[%clk 1:31:31]} 3... cxd4 {[%clk 1:31:56]} 4. Nxd4
{[%clk 1:31:51]} 4... Nf6 {[%clk 1:32:25]} 5. Nc3 {[%clk 1:32:04]} 5... e5 {
[%clk 1:32:50]} 6. Ndb5 {[%clk 1:32:13]} 6... d6 {[%clk 1:33:11]} 7. Nd5 {
[%clk 1:32:26]} 7... Nxd5 {[%clk 1:33:35]} 8. exd5 {[%clk 1:32:47]} 8... Nb8 {
[%clk 1:34:01]} 9. c4 {[%clk 1:32:48]} 9... Be7 {[%clk 1:34:21]} 10. Be2 {
[%clk 1:33:03]} 10... O-O {[%clk 1:34:43]} 11. Be3 {[%clk 1:33:23]} 11... a6 {
[%clk 1:35:03]} 12. Nc3 {[%clk 1:33:45]} 12... f5 {[%clk 1:34:59]} 13. f4 {
[%clk 1:33:38]} 13... Nd7 {[%clk 1:35:08]} 14. O-O {[%clk 1:33:53]} 14... Bf6 {
[%clk 1:35:05]} 15. Qd2 {[%clk 1:32:58]} 15... exf4 {[%clk 1:32:18]} 16. Bxf4 {
[%clk 1:30:54]} 16... Be5 {[%clk 1:27:17]} 17. Rac1 {[%clk 1:23:11]} 17... Bxf4
{[%clk 1:25:31]} 18. Qxf4 {[%clk 1:23:07]} 18... Ne5 {[%clk 1:24:42]} 19. Kh1 {
[%clk 1:23:15]} 19... b6 {[%clk 1:11:33]} 20. b4 {[%clk 1:21:42]} 20... Bd7 {
[%clk 1:03:25]} 21. c5 {[%clk 1:20:40]} 21... bxc5 {[%clk 1:02:08]} 22. bxc5 {
[%clk 1:18:20]} 22... Bb5 {[%clk 0:59:11]} 23. Rfd1 {[%clk 1:15:02]} 23... Bxe2
{[%clk 0:43:37]} 24. Nxe2 {[%clk 1:15:12]} 24... Rf6 {[%clk 0:30:53]} 25. c6 {
[%clk 1:12:54]} 25... Qa5 {[%clk 0:23:04]} 26. a4 {[%clk 1:08:30]} 26... Re8 {
[%clk 0:21:29]} 27. Qd4 {[%clk 1:00:54]} 27... Rh6 {[%clk 0:17:20]} 28. Nf4 {
[%clk 0:58:03]} 28... Qc7 {[%clk 0:04:48]} 29. Ne6 {[%clk 0:58:15]} 29... Qf7 {
[%clk 0:02:11]} 30. Rf1 {[%clk 0:54:55]} 30... Rhxe6 {[%clk 0:00:50]} 31. dxe6
{[%clk 0:55:14]} 31... Qxe6 {[%clk 0:01:19]} 32. h3 {[%clk 0:55:07]} 32... Rc8
{[%clk 0:01:33]} 33. Qa7 {[%clk 0:54:18]} 33... Nxc6 {[%clk 0:00:56]} 34. Qxa6
{[%clk 0:53:40]} 34... Ne7 {[%clk 0:01:17]} 35. Rce1 {[%clk 0:53:59]} 35... Qd7
{[%clk 0:01:10]} 36. Rxe7 36... Qxe7 {[%clk 0:01:38]} 37. Qxc8+ {[%clk 0:54:39]
} 37... Qe8 {[%clk 0:02:05]} 38. Qxe8# {[%clk 0:55:00]} 1-0

[Event "ODJM A 2019"]
[Site "Willingen GER"]
[Date "2019.06.09"]
[Round "2"]
[White "Schrepp, Florian"]
[Black "Garbuz, Vitaly"]
[Result "1/2-1/2"]
[Termination "normal"]
[Board "15"]
[WhiteElo "1922"]
[BlackElo "2051"]
[WhiteClock "00:26:06"]
[BlackClock "00:00:36"]
[PlyCount "68"]
[WhiteFideId "16239709"]
[BlackFideId "12990710"]
[EventCountry "GER"]
[EventRounds "9"]
[EventType "swiss"]
[EventDate "2019.06.08"]

1. e4 {[%clk 1:30:56]} 1... Nf6 {[%clk 1:30:40]} 2. Nc3 {[%clk 1:29:50]} 2...
e5 {[%clk 1:28:07]} 3. Nf3 {[%clk 1:29:43]} 3... Nc6 {[%clk 1:28:26]} 4. Bb5 {
[%clk 1:27:41]} 4... Bb4 {[%clk 1:16:04]} 5. O-O {[%clk 1:17:42]} 5... O-O {
[%clk 1:14:04]} 6. d3 {[%clk 1:12:49]} 6... Nd4 {[%clk 1:11:49]} 7. Nxd4 {
[%clk 1:09:32]} 7... exd4 {[%clk 1:09:57]} 8. Ne2 {[%clk 1:09:22]} 8... c6 {
[%clk 1:08:12]} 9. Ba4 {[%clk 0:59:51]} 9... d5 {[%clk 1:01:06]} 10. e5 { [%clk
0:53:28]} 10... Nd7 {[%clk 1:00:09]} 11. c3 {[%clk 0:53:26]} 11... dxc3 { [%clk
0:59:46]} 12. bxc3 {[%clk 0:53:52]} 12... Be7 {[%clk 0:58:17]} 13. d4 { [%clk
0:53:52]} 13... Nb6 {[%clk 0:58:28]} 14. Bc2 {[%clk 0:53:51]} 14... Nc4 { [%clk
0:53:36]} 15. Nf4 {[%clk 0:50:01]} 15... g6 {[%clk 0:51:18]} 16. Ne2 { [%clk
0:45:16]} 16... f6 {[%clk 0:48:27]} 17. f4 {[%clk 0:39:54]} 17... fxe5 { [%clk
0:45:56]} 18. fxe5 {[%clk 0:39:18]} 18... Bg4 {[%clk 0:37:49]} 19. h3 { [%clk
0:38:07]} 19... Rxf1+ {[%clk 0:37:01]} 20. Qxf1 {[%clk 0:38:00]} 20... Bxe2
{[%clk 0:37:13]} 21. Qxe2 {[%clk 0:38:27]} 21... Bg5 {[%clk 0:36:40]} 22. Qg4
{[%clk 0:32:17]} 22... Bxc1 {[%clk 0:35:20]} 23. Qe6+ {[%clk 0:30:54]} 23...
Kg7 {[%clk 0:33:39]} 24. Rxc1 {[%clk 0:31:03]} 24... Ne3 {[%clk 0:30:28]} 25.
Kf2 {[%clk 0:28:37]} 25... Qh4+ {[%clk 0:23:56]} 26. Kxe3 {[%clk 0:25:46]}
26... Qg3+ {[%clk 0:02:57]} 27. Kd2 {[%clk 0:25:45]} 27... Qxg2+ { [%clk
0:02:41]} 28. Kd1 {[%clk 0:25:15]} 28... Qf1+ {[%clk 0:00:38]} 29. Kd2 { [%clk
0:25:39]} 29... Qf2+ {[%clk 0:01:05]} 30. Kd1 {[%clk 0:25:53]} 30... Qf1+
{[%clk 0:00:39]} 31. Kd2 {[%clk 0:26:17]} 31... Qg2+ {[%clk 0:00:56]} 32. Kd1 {
[%clk 0:25:30]} 32... Qh1+ {[%clk 0:00:42]} 33. Kd2 {[%clk 0:25:52]} 33... Qh2+
{[%clk 0:01:07]} 34. Kd1 {[%clk 0:26:06]} 34... Qg1+ {[%clk 0:00:36]} 1/2-1/2

[Event "ODJM A 2019"]
[Site "Willingen GER"]
[Date "2019.06.09"]
[Round "2"]
[White "von Estorff, Jacob"]
[Black "Behringer, Tom"]
[Result "1/2-1/2"]
[Termination "normal"]
[Board "16"]
[WhiteElo "2041"]
[BlackElo "1766"]
[WhiteClock "00:29:48"]
[BlackClock "00:18:21"]
[PlyCount "47"]
[WhiteFideId "12974501"]
[BlackFideId "16203496"]
[EventCountry "GER"]
[EventRounds "9"]
[EventType "swiss"]
[EventDate "2019.06.08"]

1. e4 {[%clk 1:30:41]} 1... e5 {[%clk 1:30:46]} 2. Nf3 {[%clk 1:30:50]} 2...
Nc6 {[%clk 1:31:09]} 3. d4 {[%clk 1:30:57]} 3... exd4 {[%clk 1:31:27]} 4. Nxd4
{[%clk 1:31:23]} 4... Bc5 {[%clk 1:31:09]} 5. Be3 {[%clk 1:31:01]} 5... Qf6 {
[%clk 1:31:29]} 6. c3 {[%clk 1:31:26]} 6... Nge7 {[%clk 1:31:53]} 7. Bc4 {
[%clk 1:31:17]} 7... Ne5 {[%clk 1:32:17]} 8. Be2 {[%clk 1:30:29]} 8... Qg6 {
[%clk 1:26:26]} 9. O-O {[%clk 1:27:20]} 9... d6 {[%clk 1:20:15]} 10. Kh1 {
[%clk 1:21:14]} 10... O-O {[%clk 1:19:22]} 11. Nd2 {[%clk 1:17:44]} 11... d5 {
[%clk 1:14:08]} 12. Nf5 {[%clk 1:11:27]} 12... Nxf5 {[%clk 0:53:42]} 13. Bxc5 {
[%clk 1:11:10]} 13... Nd6 {[%clk 0:46:41]} 14. exd5 {[%clk 1:02:31]} 14... Bf5
{[%clk 0:42:32]} 15. c4 {[%clk 0:56:27]} 15... Bc2 {[%clk 0:40:24]} 16. Qc1 {
[%clk 0:54:21]} 16... Bd3 {[%clk 0:36:59]} 17. Bxd6 {[%clk 0:51:53]} 17... cxd6
{[%clk 0:32:49]} 18. Bxd3 {[%clk 0:52:03]} 18... Nxd3 {[%clk 0:33:06]} 19. Qc3
{[%clk 0:52:13]} 19... Rfe8 {[%clk 0:32:07]} 20. Qd4 {[%clk 0:44:10]} 20... Re2
{[%clk 0:29:09]} 21. Rad1 {[%clk 0:44:12]} 21... Rae8 {[%clk 0:23:41]} 22. a3 {
[%clk 0:38:17]} 22... Ne1 {[%clk 0:19:44]} 23. Rg1 {[%clk 0:30:13]} 23... Qc2 {
[%clk 0:18:21]} 24. Nf3 {[%clk 0:29:48]} 1/2-1/2

[Event "ODJM A 2019"]
[Site "Willingen GER"]
[Date "2019.06.09"]
[Round "2"]
[White "Baumann, Marcel"]
[Black "Biermann, Lenhard"]
[Result "1/2-1/2"]
[Termination "normal"]
[Board "17"]
[WhiteElo "1866"]
[BlackElo "2069"]
[PlyCount "86"]
[WhiteFideId "12974668"]
[BlackFideId "12970077"]
[EventCountry "GER"]
[EventRounds "9"]
[EventType "swiss"]
[EventDate "2019.06.08"]

1. d4 e6 2. c4 Nf6 3. Nf3 b6 4. a3 Ba6 5. Qc2 c5 6. d5 Bb7 7. e4 d6 8. Be2 e5
9. Nc3 Be7 10. O-O O-O 11. Ne1 Nbd7 12. Nd3 Re8 13. Bd2 Bf8 14. f3 g6 15. b4
Bg7 16. Nb5 Bf8 17. Rfb1 Nh5 18. bxc5 Nxc5 19. Nxc5 dxc5 20. a4 a6 21. Nc3 Bc8
22. Qb2 Rb8 23. a5 Nf4 24. Ra3 b5 25. cxb5 c4 26. Bxc4 Bxa3 27. Qxa3 axb5 28.
Nxb5 Ba6 29. Qa2 Qc8 30. Be3 Bxb5 31. Bxb5 Qc3 32. Qd2 Qxd2 33. Bxd2 Ne2+ 34.
Kf2 Nd4 35. Bxe8 Rxb1 36. Bc3 Kf8 37. Bc6 Rb3 38. a6 Nxc6 39. dxc6 Rb8 40. Bxe5
Ra8 41. c7 Ke7 42. a7 Kd7 43. Bd4 Re8 1/2-1/2

[Event "ODJM A 2019"]
[Site "Willingen GER"]
[Date "2019.06.09"]
[Round "2"]
[White "Kardoeus, David"]
[Black "Gluma, Christian"]
[Result "1-0"]
[Termination "normal"]
[Board "18"]
[WhiteElo "2202"]
[BlackElo "1741"]
[PlyCount "53"]
[WhiteFideId "12912050"]
[BlackFideId "16223209"]
[EventCountry "GER"]
[EventRounds "9"]
[EventType "swiss"]
[EventDate "2019.06.08"]

1. e4 g6 2. d4 Bg7 3. Nc3 c6 4. Bc4 d5 5. exd5 b5 6. Bb3 b4 7. Na4 cxd5 8. Nf3
Ba6 9. Nc5 Bb5 10. Bf4 Nc6 11. Ne5 Nxe5 12. dxe5 e6 13. Nb7 Qb6 14. Nd6+ Kf8
15. Qf3 Be8 16. O-O Rd8 17. a3 Ne7 18. axb4 Nc6 19. Ba4 Rxd6 20. exd6 Nd4 21.
Qe3 Bxa4 22. Rxa4 Qb5 23. Rxa7 Ke8 24. Re7+ Kd8 25. Ra1 Qc6 26. Bg5 f6 27. Qxd4
1-0

[Event "ODJM A 2019"]
[Site "Willingen GER"]
[Date "2019.06.09"]
[Round "2"]
[White "Gallasch, Robin"]
[Black "Ronge, Tim"]
[Result "0-1"]
[Termination "normal"]
[Board "19"]
[WhiteElo "1889"]
[BlackElo "2143"]
[PlyCount "54"]
[WhiteFideId "16222423"]
[BlackFideId "12955418"]
[EventCountry "GER"]
[EventRounds "9"]
[EventType "swiss"]
[EventDate "2019.06.08"]

1. c4 e5 2. g3 d6 3. Bg2 f5 4. Nc3 Nf6 5. d3 Be7 6. e3 O-O 7. Nge2 c6 8. O-O
Na6 9. Rb1 Nc7 10. d4 e4 11. d5 c5 12. f3 exf3 13. Bxf3 Nd7 14. Bg2 Ne5 15. b3
a6 16. e4 b5 17. Bf4 Bf6 18. Qc2 bxc4 19. exf5 Nb5 20. Nxb5 axb5 21. Be4 Nd3
22. bxc4 bxc4 23. Qxc4 Ba6 24. Qc2 Nb4 25. Qd2 Re8 26. Bf3 Bxe2 27. Bxe2 Rxa2
0-1

[Event "ODJM A 2019"]
[Site "Willingen GER"]
[Date "2019.06.09"]
[Round "2"]
[White "Bosselmann, Tom Linus"]
[Black "Ortmeier, Leonhard"]
[Result "0-1"]
[Termination "normal"]
[Board "20"]
[WhiteElo "1963"]
[BlackElo "2140"]
[PlyCount "110"]
[WhiteFideId "12983845"]
[BlackFideId "12993662"]
[EventCountry "GER"]
[EventRounds "9"]
[EventType "swiss"]
[EventDate "2019.06.08"]

1. e4 c5 2. Nf3 d6 3. d4 cxd4 4. Nxd4 Nf6 5. Nc3 a6 6. Be3 e5 7. Nb3 Be7 8. f3
Be6 9. Qd2 O-O 10. O-O-O a5 11. a4 Nc6 12. g4 Nb4 13. Kb1 Rc8 14. g5 Nh5 15.
Rg1 Qc7 16. Qf2 Bd8 17. Qd2 Be7 18. Qf2 Bd8 19. Na1 Qe7 20. f4 Nxf4 21. Bxf4
exf4 22. Qxf4 Bb6 23. Rg3 Rfd8 24. Nd5 Bxd5 25. exd5 Qe5 26. Qd2 Rc5 27. Bg2
Re8 28. c3 Qf5+ 29. Nc2 Nxc2 30. Qxc2 Qxc2+ 31. Kxc2 Rc4 32. Kb3 Rh4 33. h3 Rf4
34. Rf3 Rxf3 35. Bxf3 Re3 36. Rf1 Re5 37. h4 g6 38. Kc4 Kg7 39. Kb5 Bd8 40. c4
Re3 41. Bd1 Re4 42. b4 axb4 43. Rh1 h6 44. gxh6+ Kxh6 45. h5 g5 46. Kxb4 f5 47.
Bc2 Re5 48. a5 g4 49. Rg1 Kxh5 50. Rh1+ Kg5 51. Rh8 Be7 52. Rg8+ Kf4 53. Kb5 g3
54. Kb6 Bg5 55. c5 g2 0-1

[Event "ODJM A 2019"]
[Site "Willingen GER"]
[Date "2019.06.09"]
[Round "2"]
[White "Stemmler, Fabian"]
[Black "Kreutz, Jonas"]
[Result "1-0"]
[Termination "normal"]
[Board "21"]
[WhiteElo "2002"]
[BlackElo "1970"]
[PlyCount "47"]
[WhiteFideId "12964808"]
[BlackFideId "12970697"]
[EventCountry "GER"]
[EventRounds "9"]
[EventType "swiss"]
[EventDate "2019.06.08"]

1. d4 d5 2. c4 e6 3. Nc3 c6 4. e4 dxe4 5. Nxe4 Bb4+ 6. Bd2 Qxd4 7. Bxb4 Qxe4+
8. Be2 Na6 9. Ba5 Bd7 10. Nf3 Nf6 11. Qd6 b6 12. Bc3 c5 13. Ne5 Ba4 14. f3 Qb7
15. Qd2 h6 16. b3 Bc6 17. Rd1 O-O 18. Nxc6 Qxc6 19. Bxf6 gxf6 20. Qxh6 f5 21.
O-O f4 22. Qxf4 f6 23. Rd6 Qc7 24. Qg4+ 1-0

[Event "ODJM A 2019"]
[Site "Willingen GER"]
[Date "2019.06.09"]
[Round "2"]
[White "Dette, Jan"]
[Black "Mainka, Alwin"]
[Result "1/2-1/2"]
[Termination "normal"]
[Board "22"]
[WhiteElo "2116"]
[BlackElo "1833"]
[PlyCount "44"]
[WhiteFideId "12936677"]
[BlackFideId "16241177"]
[EventCountry "GER"]
[EventRounds "9"]
[EventType "swiss"]
[EventDate "2019.06.08"]

1. c4 Nf6 2. g3 d5 3. cxd5 Nxd5 4. Bg2 g6 5. Nc3 Nxc3 6. bxc3 Bg7 7. d4 O-O 8.
Nf3 c5 9. O-O Nc6 10. Be3 cxd4 11. cxd4 Be6 12. Qd2 Qd7 13. Rac1 Rfd8 14. Rfd1
Rac8 15. Ng5 Bd5 16. Bxd5 Qxd5 17. Rc5 Qxc5 18. dxc5 Rxd2 19. Rxd2 Rd8 20.
Rxd8+ Nxd8 21. Ne4 Nc6 22. Nd2 Nb4 1/2-1/2

[Event "ODJM A 2019"]
[Site "Willingen GER"]
[Date "2019.06.09"]
[Round "2"]
[White "Bargsten, Justus"]
[Black "Khachatryan, Taron"]
[Result "1/2-1/2"]
[Termination "normal"]
[Board "23"]
[WhiteElo "1980"]
[BlackElo "1900"]
[PlyCount "92"]
[WhiteFideId "12974188"]
[BlackFideId "16216598"]
[EventCountry "GER"]
[EventRounds "9"]
[EventType "swiss"]
[EventDate "2019.06.08"]

1. e4 c5 2. Nf3 d6 3. Bb5+ Bd7 4. a4 Nc6 5. O-O a6 6. Bc4 Nf6 7. Re1 e6 8. c3
Be7 9. d4 cxd4 10. cxd4 d5 11. exd5 exd5 12. Ba2 O-O 13. Nc3 Bg4 14. Be3 h6 15.
Rc1 Rc8 16. h3 Be6 17. Bf4 Re8 18. Bb1 Bf8 19. Qd2 Na5 20. Be5 g6 21. Ba2 Kh7
22. Bxf6 Qxf6 23. Nxd5 Bxd5 24. Bxd5 Rxe1+ 25. Qxe1 Rxc1 26. Qxc1 Bd6 27. Qc8
Qe7 28. Qc3 Bb4 29. Qe3 f6 30. h4 h5 31. Qd3 Qd7 32. Qe4 Kg7 33. b3 Nc6 34.
Bxc6 Qxc6 35. Qxc6 bxc6 36. Kf1 Kf7 37. Ke2 Ke6 38. Kd3 Kd5 39. Ng1 g5 40. Ne2
Be1 41. hxg5 fxg5 42. f4 g4 43. f5 h4 44. Nf4+ Kd6 45. f6 Bg3 46. Ne2 Bf2
1/2-1/2

[Event "ODJM A 2019"]
[Site "Willingen GER"]
[Date "2019.06.09"]
[Round "2"]
[White "Dornieden, Jonas"]
[Black "Kolb, Tobias"]
[Result "0-1"]
[Termination "normal"]
[Board "24"]
[WhiteElo "1864"]
[BlackElo "1915"]
[PlyCount "108"]
[WhiteFideId "1336460"]
[BlackFideId "12992321"]
[EventCountry "GER"]
[EventRounds "9"]
[EventType "swiss"]
[EventDate "2019.06.08"]

1. d4 d5 2. c4 e6 3. Nc3 c6 4. Nf3 dxc4 5. a4 Bb4 6. e3 b5 7. Bd2 a5 8. axb5
Bxc3 9. Bxc3 cxb5 10. b3 Bb7 11. bxc4 b4 12. Bb2 Nf6 13. Bd3 Nbd7 14. O-O Qc7
15. c5 O-O 16. Re1 Be4 17. Bc2 Qb7 18. Ba4 Rfd8 19. Nd2 Bc6 20. f3 Bxa4 21.
Rxa4 Qb5 22. Re2 b3 23. Ra3 a4 24. Kf2 Nd5 25. Qa1 Nb4 26. Nxb3 Nd3+ 27. Kf1
Nxb2 28. Qxb2 axb3 29. Rxb3 Qc6 30. Kf2 Rdb8 31. Rxb8+ Rxb8 32. Qa3 h6 33. Qa7
Rb7 34. Qa8+ Kh7 35. Rd2 Rc7 36. Qxc6 Rxc6 37. Rb2 Rc7 38. Ke2 Kg6 39. Kd3 f5
40. Kc4 Nf6 41. Rb6 Kf7 42. c6 Ke7 43. Rb7 Kd6 44. Rxc7 Kxc7 45. Kc5 g5 46. h3
h5 47. g4 fxg4 48. fxg4 hxg4 49. hxg4 Nxg4 50. d5 exd5 51. Kxd5 Nh6 52. e4 g4
53. e5 g3 54. e6 Ng8 0-1

[Event "ODJM A 2019"]
[Site "Willingen GER"]
[Date "2019.06.09"]
[Round "2"]
[White "Leser, Katrin"]
[Black "Yaroshenko, Yaroslav"]
[Result "1/2-1/2"]
[Termination "normal"]
[Board "25"]
[WhiteElo "2036"]
[BlackElo "1761"]
[PlyCount "57"]
[WhiteFideId "12997692"]
[BlackFideId "16204905"]
[EventCountry "GER"]
[EventRounds "9"]
[EventType "swiss"]
[EventDate "2019.06.08"]

1. e4 g6 2. d4 Bg7 3. Be3 d6 4. Nc3 Nd7 5. Qd2 e5 6. d5 f5 7. f3 Ngf6 8. exf5
gxf5 9. O-O-O Nb6 10. Bh6 Bxh6 11. Qxh6 Qe7 12. g3 Qf7 13. Qd2 Bd7 14. Nh3 h6
15. Nf2 O-O-O 16. Be2 Rde8 17. g4 e4 18. fxe4 fxe4 19. Qd4 Nbxd5 20. Nfxe4 Nxe4
21. Nxd5 Bc6 22. Rhf1 Qxd5 23. Qxd5 Bxd5 24. Rxd5 Nc3 25. bxc3 Rxe2 26. Rd2
Rhe8 27. Rf6 R8e6 28. Rxe2 Rxf6 29. Kd2 1/2-1/2

[Event "ODJM A 2019"]
[Site "Willingen GER"]
[Date "2019.06.09"]
[Round "2"]
[White "Noever, Niklas"]
[Black "Askerov, Imamali"]
[Result "1/2-1/2"]
[Termination "normal"]
[Board "26"]
[WhiteElo "1762"]
[BlackElo "1986"]
[PlyCount "53"]
[WhiteFideId "12988642"]
[BlackFideId "12974498"]
[EventCountry "GER"]
[EventRounds "9"]
[EventType "swiss"]
[EventDate "2019.06.08"]

1. d4 Nf6 2. Nf3 c5 3. d5 b5 4. Bg5 Qb6 5. Nc3 a6 6. e4 d6 7. Bxf6 exf6 8. a4
b4 9. a5 Qc7 10. Nb1 g6 11. Nbd2 Bg7 12. Nc4 O-O 13. Bd3 Nd7 14. O-O Rb8 15.
Nfd2 Ne5 16. Nxe5 fxe5 17. Qe2 Ra8 18. b3 f5 19. f3 Ra7 20. Nc4 Rf6 21. Nb6 Bb7
22. Rf2 f4 23. g4 Bf8 24. h3 Be7 25. Rh2 Bd8 26. Rh1 Qe7 27. Kg2 1/2-1/2

[Event "ODJM A 2019"]
[Site "Willingen GER"]
[Date "2019.06.09"]
[Round "2"]
[White "Schilay, Lorenz"]
[Black "Hagenbeck-Hübert, Lara"]
[Result "1/2-1/2"]
[Termination "normal"]
[Board "27"]
[WhiteElo "1888"]
[BlackElo "1861"]
[PlyCount "90"]
[WhiteFideId "12930180"]
[BlackFideId "12964484"]
[EventCountry "GER"]
[EventRounds "9"]
[EventType "swiss"]
[EventDate "2019.06.08"]

1. e4 Nf6 2. Nc3 d5 3. exd5 Nxd5 4. Bc4 Nb6 5. Bb3 Nc6 6. Nf3 Bf5 7. O-O e6 8.
d4 Be7 9. Be3 Nd5 10. Nxd5 exd5 11. Ba4 O-O 12. c3 Na5 13. Bf4 Bd6 14. Bxd6
Qxd6 15. Re1 a6 16. Re5 Bg6 17. Bb3 Nc4 18. Bxc4 dxc4 19. Qe2 b5 20. Re1 f6 21.
Re6 Qd7 22. Re7 Qd6 23. Nh4 Bf7 24. Qg4 h5 25. Qg3 Qxg3 26. hxg3 Rfe8 27. Kf1
Rac8 28. Nf5 Kf8 29. Rxe8+ Rxe8 30. Rxe8+ Bxe8 31. Ke2 Kf7 32. d5 g6 33. Nd4
Ke7 34. Ke3 Kd6 35. Nc2 Kc5 36. Ke4 Bf7 37. Ne3 Kd6 38. Kd4 f5 39. f4 Bg8 40.
b3 cxb3 41. axb3 c5+ 42. dxc6 Bxb3 43. c7 Kxc7 44. Kc5 Bc4 45. Nc2 Bf1 1/2-1/2

[Event "ODJM A 2019"]
[Site "Willingen GER"]
[Date "2019.06.09"]
[Round "2"]
[White "Muckle, Richard"]
[Black "Reinecke, Katharina"]
[Result "0-1"]
[Termination "normal"]
[Board "28"]
[WhiteElo "2057"]
[BlackElo "1846"]
[PlyCount "106"]
[WhiteFideId "12942553"]
[BlackFideId "12929727"]
[EventCountry "GER"]
[EventRounds "9"]
[EventType "swiss"]
[EventDate "2019.06.08"]

1. d4 d5 2. g3 e6 3. Bg2 Nd7 4. Nf3 b5 5. O-O Ngf6 6. Bg5 Be7 7. Nbd2 O-O 8.
Re1 Bb7 9. b3 c5 10. e3 b4 11. Rc1 h6 12. Bxf6 Nxf6 13. dxc5 Bxc5 14. Ne5 Bd6
15. Nd3 Rc8 16. e4 dxe4 17. Nxe4 Nxe4 18. Bxe4 Qb6 19. Bxb7 Qxb7 20. Nb2 Rfd8
21. Qe2 Be7 22. Red1 Bf6 23. Na4 Qc6 24. Rxd8+ Rxd8 25. Rd1 Rc8 26. Rd2 Bg5 27.
f4 Be7 28. Qg2 Bc5+ 29. Kh1 Qxg2+ 30. Kxg2 Be3 31. Re2 Bd4 32. Kf1 g5 33. fxg5
hxg5 34. g4 Rc6 35. Re4 e5 36. Re2 Kg7 37. Ke1 Kg6 38. Kd2 f5 39. gxf5+ Kxf5
40. Kd3 a5 41. Rg2 g4 42. a3 Kf4 43. axb4 axb4 44. c4 bxc3 45. Rc2 Kf3 46. b4
Rd6 47. Nxc3 Bxc3+ 48. Kxc3 e4 49. Ra2 e3 50. Ra8 Re6 51. Rf8+ Kg2 52. Rg8 e2
53. Rxg4+ Kh1 0-1

[Event "ODJM A 2019"]
[Site "Willingen GER"]
[Date "2019.06.09"]
[Round "2"]
[White "Hofmann, Lorenz"]
[Black "Uhlendorff, Luca"]
[Result "1/2-1/2"]
[Termination "normal"]
[Board "29"]
[WhiteElo "2002"]
[BlackElo "1735"]
[PlyCount "97"]
[WhiteFideId "12995509"]
[BlackFideId "16221923"]
[EventCountry "GER"]
[EventRounds "9"]
[EventType "swiss"]
[EventDate "2019.06.08"]

1. e4 d5 2. exd5 Qxd5 3. Nc3 Qd8 4. d4 Nf6 5. Nf3 Bg4 6. Be2 e6 7. O-O c6 8.
Ne5 Bxe2 9. Nxe2 Nbd7 10. Bf4 Nxe5 11. dxe5 Qxd1 12. Raxd1 Nd5 13. Bg3 b5 14.
Rc1 Rb8 15. Nd4 c5 16. Nf3 Be7 17. Nd2 Nb6 18. Ne4 O-O 19. Rfd1 Rfd8 20. Kf1
Kf8 21. Ke2 Ke8 22. f3 Rxd1 23. Rxd1 Rd8 24. Rxd8+ Kxd8 25. Bf2 Nd7 26. f4 Kc7
27. Kd3 Kc6 28. c4 b4 29. Nd2 a5 30. g4 g6 31. Ke4 Nb6 32. b3 Nd7 33. f5 Nf8
34. Nf3 gxf5+ 35. gxf5 exf5+ 36. Kxf5 Ne6 37. Be3 Ng7+ 38. Ke4 f5+ 39. Kf4 Kd7
40. Ne1 Kc6 41. Bf2 h6 42. h4 Kd7 43. Nd3 Kc6 44. Bg3 Nh5+ 45. Kf3 Nxg3 46.
Kxg3 Kd7 47. Nf4 Bd8 48. Nd3 Be7 49. Nf4 1/2-1/2